|
|
|
|
| LEADER |
00898nam a2200241 a 4500 |
| 001 |
4907789 |
| 008 |
090614s1995 maua b 001 0 eng d |
| 010 |
|
|
|a \\\94037172
|
| 020 |
|
|
|a 0789500612 (acid-free paper)
|
| 040 |
|
|
|a DLC
|c DLC
|d DLC
|
| 082 |
0 |
0 |
|a 658.4/038
|2 20
|
| 100 |
1 |
|
|a Zahedi, Fatemeh,
|d 1945-
|
| 245 |
1 |
0 |
|a Quality information systems /
|c Fatemeh Zahedi.
|
| 260 |
|
|
|a Danvers, Mass. :
|b Boyd & Fraser Pub. Co.,
|c c1995.
|
| 300 |
|
|
|a x, 420 p. :
|b ill. ;
|c 24 cm.
|
| 504 |
|
|
|a Includes bibliographical references and index.
|
| 541 |
1 |
|
|e 00007348
|
| 650 |
|
0 |
|a Management information systems.
|
| 650 |
|
0 |
|a Total quality management.
|
| 650 |
|
0 |
|a System design.
|
| 852 |
4 |
|
|a Ayesha Abed Library
|j General shelf
|
| 999 |
|
|
|c 1286
|d 1286
|
| 952 |
|
|
|0 0
|1 0
|2 ddc
|4 0
|6 658_403800000000000_ZAH
|7 0
|9 1169
|a BRACUL
|b BRACUL
|c GEN
|d 2009-06-25
|g 5014.00
|l 0
|o 658.4038 ZAH
|p 3010007348
|r 2009-06-25
|t 1
|w 2009-06-25
|y BK
|